000 00683nam a2200241 i 4500
001 C2-0211795
003 PPAK
005 20180728102945.0
008 990325s1982 enk |||| ||||| | eng d
020 _a0416320708
040 _aPPAK
_beng
_cPPAK
_erda
082 0 4 _a801.95
_2 23
090 0 0 _a801.95
_bNOR
_dKSA
100 1 _aNorris, Christopher,
_eauthor
245 1 0 _aDeconstruction :
_btheory and practice
264 1 _aLondon and New York :
_bMethuen & Co. Ltd. ,
_c1982
300 _axiii, 160 pages ;
_c19 cm
336 _2rdacontent
_atext
337 _2rdamedia
_aunmediated
338 _2rdacarrier
_avolume
650 1 0 _aSemiotics and literature
942 _ddc
_cB
999 _c158470
_d158470